000 00275nam a2200097Ia 4500
082 _aK MOR
245 0 _aOf life and other worlds
100 _a Jurriaanse, Aart, , 1907- South Africa, 1993 2nd ed
_977833
942 _cBK
008 210817s9999 xx 000 0 und d
999 _c267361
_d267360